000 00351nam a2200145Ia 4500
008 240624s9999 xx 000 0 und d
041 _aeng
082 _a658.4092 COL
100 _aCOLLINSON DAVID
245 _aLEADERSHIP
260 _c2011
_aLondon
_bSage Publications
300 _axliii, : 368 : p. : cm. ; 23
365 _cGBP
_b30
440 _v2
999 _c19762
_d19762